[Event "3rd Eksjo it"]
[Site "Eksjo SWE"]
[Date "1975.03.24"]
[Round "1"]
[White "Akvist, Hakan"]
[Black "Schneider, Lars-Ake"]
[Result "0-1"]
[WhiteElo "2315"]
[BlackElo "2380"]
[EventDate "1975.03.24"]
[PlyCount "82"]

1. e4 e5 2. Nf3 Nc6 3. Bb5 a6 4. Ba4 Nf6 5. O-O Be7 6. Re1 b5 7. Bb3 O-O 8. d4 d6 9. c3 Bg4 10. Be3 exd4 11. cxd4 Na5 12. Bc2 c5 13. d5 Nc4 14. Bc1 Nd7 15. h3 Bh5 16. Nbd2 Bf6 17. Nxc4 bxc4 18. g4 Bg6 19. Bf4 Qe7 20. Rb1 Rab8 21. Qe2 Bxb2 22. Qxc4 Qf6 23. Bg5 Qxf3 24. Re3 Ne5 25. Qf1 f6 26. Rxf3 Nxf3+ 27. Kg2 fxg5 28. Qxa6 Be5 29. Rxb8 Nh4+ 30. Kf1 Rxb8 31. Qa7 Rf8 32. Qe7 Bg3 33. Qe6+ Kh8 34. Ke2 Rxf2+ 35. Kd3 h6 36. a4 Nf3 37. a5 Ne1+ 38. Kc3 Rxc2+ 39. Kb3 Be5 40. a6 Rb2+ 41. Ka4 Bxe4 0-1

[Event "3rd Eksjo it"]
[Site "Eksjo SWE"]
[Date "1975.03.24"]
[Round "1"]
[White "Enklaar, Bertus"]
[Black "Hecht, Hans-Joachim"]
[Result "1/2-1/2"]
[WhiteElo "2410"]
[BlackElo "2490"]
[EventDate "1975.03.24"]
[PlyCount "81"]

1. e4 e6 2. d4 d5 3. Nc3 Nc6 4. Nf3 Nf6 5. Bg5 Be7 6. Bxf6 Bxf6 7. e5 Be7 8. h4 Nb8 9. Rh3 b6 10. Rg3 g6 11. h5 Ba6 12. Bxa6 Nxa6 13. Qe2 Nb4 14. Rh3 Qd7 15. hxg6 fxg6 16. a3 Nc6 17. O-O-O O-O-O 18. Rdh1 Rdf8 19. Qd3 Kb7 20. Nd1 Bd8 21. Ne3 Rf4 22. Kb1 Qf7 23. Rh6 Qg7 24. c4 dxc4 25. Nxc4 Qd7 26. Rxg6 hxg6 27. Rxh8 Nxd4 28. Ncd2 c5 29. Qxg6 Nxf3 30. Nxf3 Qd1+ 31. Ka2 Qd5+ 32. Ka1 Bc7 33. Rh7 Re4 34. Rd7 Qc4 35. Nd2 Re1+ 36. Nb1 Qe4 37. Qxe4+ Rxe4 38. Nc3 Re1+ 39. Ka2 Kc6 40. Re7 Rxe5 41. g4 1/2-1/2

[Event "3rd Eksjo it"]
[Site "Eksjo SWE"]
[Date "1975.03.24"]
[Round "1"]
[White "Kinnmark, Ove"]
[Black "Ek, Hans"]
[Result "1/2-1/2"]
[WhiteElo "2385"]
[BlackElo "2345"]
[EventDate "1975.03.24"]
[PlyCount "38"]

1. Nf3 Nf6 2. g3 d5 3. Bg2 c6 4. O-O Bf5 5. b3 e6 6. Bb2 Be7 7. d3 h6 8. Nbd2 O-O 9. c4 Nbd7 10. a3 a5 11. Bc3 Bh7 12. b4 axb4 13. axb4 dxc4 14. dxc4 Rxa1 15. Qxa1 Qb6 16. c5 Qd8 17. Nc4 Qa8 18. Nfe5 Nxe5 19. Nxe5 Nd5 1/2-1/2

[Event "3rd Eksjo it"]
[Site "Eksjo SWE"]
[Date "1975.03.24"]
[Round "1"]
[White "Vinje Gulbrandsen, Arne"]
[Black "Ornstein, Axel"]
[Result "0-1"]
[WhiteElo "2335"]
[BlackElo "2430"]
[EventDate "1975.03.24"]
[PlyCount "56"]

1. d4 Nf6 2. g3 c5 3. c3 d5 4. Nf3 cxd4 5. cxd4 Nc6 6. Bg2 Bf5 7. O-O h6 8. Nc3 e6 9. Ne5 Rc8 10. Nxc6 Rxc6 11. Qb3 Qd7 12. a3 Be7 13. Bd2 O-O 14. Rfc1 Rfc8 15. e3 b5 16. Bf1 a6 17. Na2 Ne4 18. Bb4 Bf6 19. Rxc6 Qxc6 20. Rc1 Qxc1 21. Nxc1 Rxc1 22. g4 Bxg4 23. Kg2 Ng5 24. Kg3 Bf5 25. Bg2 Rg1 26. h4 Be4 27. hxg5 Rxg2+ 28. Kh3 hxg5 0-1

[Event "3rd Eksjo it"]
[Site "Eksjo SWE"]
[Date "1975.03.25"]
[Round "2"]
[White "Ek, Hans"]
[Black "Enklaar, Bertus"]
[Result "0-1"]
[WhiteElo "2345"]
[BlackElo "2410"]
[EventDate "1975.03.24"]
[PlyCount "88"]

1. c4 Nf6 2. Nc3 g6 3. g3 Bg7 4. Bg2 O-O 5. Nf3 d5 6. cxd5 Nxd5 7. O-O Nc6 8. Ng5 Nb6 9. d3 h6 10. Nge4 e5 11. Nc5 Qe7 12. Be3 Rd8 13. Rc1 Kh7 14. a3 a5 15. N5a4 Nxa4 16. Qxa4 Nd4 17. Bxd4 Rxd4 18. Qc2 c6 19. Na4 Bf5 20. Nc5 Re8 21. Nb3 Rd6 22. Nxa5 Red8 23. Qb3 Bc8 24. Qb4 Qc7 25. Nc4 Rd4 26. Qb6 Qe7 27. Rc2 f5 28. Qa7 e4 29. dxe4 fxe4 30. Ne3 Rd2 31. Qa4 Bxb2 32. Nc4 b5 33. Qb3 bxc4 34. Qxb2 e3 35. Qc3 Bf5 36. Rcc1 exf2+ 37. Rxf2 Qc5 38. e3 R8d3 39. Qf6 Rxe3 40. Qf7+ Kh8 41. Rcf1 Re1 42. Kh1 Rdd1 43. h3 Rxf1+ 44. Bxf1 Qd5+ 0-1

[Event "3rd Eksjo it"]
[Site "Eksjo SWE"]
[Date "1975.03.25"]
[Round "2"]
[White "Hecht, Hans-Joachim"]
[Black "Vinje Gulbrandsen, Arne"]
[Result "1-0"]
[WhiteElo "2490"]
[BlackElo "2335"]
[EventDate "1975.03.24"]
[PlyCount "91"]

1. Nf3 Nf6 2. c4 e6 3. b3 b6 4. g3 Bb7 5. Bg2 Be7 6. Bb2 O-O 7. O-O d5 8. e3 c5 9. Qe2 Nc6 10. d3 Qd7 11. Nc3 d4 12. exd4 Nxd4 13. Nxd4 Bxg2 14. Kxg2 cxd4 15. Nb5 Bc5 16. Rfe1 a6 17. Na3 Rae8 18. Nc2 e5 19. Qf3 Re7 20. Rad1 b5 21. Ba3 Bxa3 22. Nxa3 Qd6 23. Nb1 bxc4 24. bxc4 Rb8 25. Nd2 Rb2 26. Ne4 Nxe4 27. Qxe4 g6 28. Rc1 Rxa2 29. c5 Qf6 30. Qf3 Qxf3+ 31. Kxf3 f6 32. Ke4 Kf7 33. c6 Rc7 34. Kd5 Ke7 35. f4 Rc8 36. fxe5 Ra5+ 37. Rc5 Rd8+ 38. Kc4 Ra3 39. exf6+ Kxf6 40. c7 Rc3+ 41. Kb4 Rc8 42. Rc1 Rxd3 43. Kc4 Re3 44. Kd5 Re6 45. Rc6 Rxc6 46. Rf1+ 1-0

[Event "3rd Eksjo it"]
[Site "Eksjo SWE"]
[Date "1975.03.25"]
[Round "2"]
[White "Ornstein, Axel"]
[Black "Akvist, Hakan"]
[Result "1-0"]
[WhiteElo "2430"]
[BlackElo "2315"]
[EventDate "1975.03.24"]
[PlyCount "97"]

1. e4 e6 2. Nf3 d5 3. Nc3 Nf6 4. e5 Nfd7 5. d4 b6 6. Ng5 Be7 7. h4 h6 8. Nxe6 fxe6 9. Qh5+ Kf8 10. Rh3 Qe8 11. Rf3+ Nf6 12. Qg4 Bd7 13. Bd3 Qf7 14. Bg6 Nxg4 15. Rxf7+ Ke8 16. Rf4+ Kd8 17. Rxg4 c5 18. Ne2 Nc6 19. c3 Rf8 20. Be3 Rc8 21. Rd1 cxd4 22. Bxd4 Na5 23. Nf4 Bc5 24. Nh5 Bxd4 25. cxd4 Nc4 26. Rb1 Bb5 27. Rf4 Rxf4 28. Nxf4 Ke7 29. Rc1 Rc6 30. Rc2 Na5 31. Kd2 Rxc2+ 32. Kxc2 Nc6 33. Kc3 Ba6 34. g4 Bf1 35. Bc2 b5 36. b4 a5 37. bxa5 b4+ 38. Kd2 Nxa5 39. Bd3 Nc4+ 40. Kc1 Bxd3 41. Nxd3 Na3 42. Nxb4 Nb5 43. Nc2 Nc3 44. h5 Kd7 45. a3 Kc6 46. Kd2 Ne4+ 47. Ke3 Kb5 48. f3 Nc3 49. Kd3 {1:53-2:53} 1-0

[Event "3rd Eksjo it"]
[Site "Eksjo SWE"]
[Date "1975.03.25"]
[Round "2"]
[White "Peev, Peicho"]
[Black "Kinnmark, Ove"]
[Result "1-0"]
[WhiteElo "2425"]
[BlackElo "2385"]
[EventDate "1975.03.24"]
[PlyCount "113"]

1. d4 Nf6 2. c4 e6 3. Nf3 Bb4+ 4. Nbd2 d5 5. a3 Be7 6. b4 c6 7. e3 Nbd7 8. Bb2 O-O 9. Bd3 a5 10. c5 b6 11. O-O bxc5 12. bxc5 Ba6 13. Bxa6 Rxa6 14. Qc2 Qc7 15. Rfb1 Ng4 16. h3 Nh6 17. e4 dxe4 18. Nxe4 Nf6 19. Neg5 g6 20. Qe2 Raa8 21. Bc1 Nf5 22. g4 Ng7 23. Qe5 Qd7 24. Ne4 Nxe4 25. Qxe4 f5 26. Ne5 fxe4 27. Nxd7 Rfd8 28. Rb7 Bh4 29. Bf4 Re8 30. Be5 Re7 31. Rab1 Ne8 32. Nb8 Ra7 33. Rxa7 Rxa7 34. Nxc6 Rf7 35. Rb8 Rf8 36. Rb2 a4 37. Na5 Rf3 38. Nc4 Rc3 39. Ne3 Rxa3 40. Rb8 Kf7 41. Rb7+ Kg8 42. Nf1 Rf3 43. c6 a3 44. c7 Nxc7 45. Rxc7 a2 46. Ra7 Rxf2 47. d5 Re2 48. Ra8+ Kf7 49. d6 e3 50. Ra7+ Kf8 51. Bg7+ Kg8 52. Bh6 e5 53. Bxe3 Bd8 54. d7 Kf7 55. Bg5 Bb6+ 56. Kh1 Bxa7 57. d8=Q 1-0

[Event "3rd Eksjo it"]
[Site "Eksjo SWE"]
[Date "1975.03.26"]
[Round "3"]
[White "Akvist, Hakan"]
[Black "Hecht, Hans-Joachim"]
[Result "0-1"]
[WhiteElo "2315"]
[BlackElo "2490"]
[EventDate "1975.03.24"]
[PlyCount "134"]

1. d4 e6 2. e4 d5 3. Nc3 Bb4 4. e5 b6 5. Qg4 Bf8 6. Nh3 Qd7 7. Nf4 Nh6 8. Qd1 Ba6 9. Bxa6 Nxa6 10. Nh5 Nf5 11. g4 Ne7 12. Bh6 O-O-O 13. Bxg7 Bxg7 14. Nxg7 c5 15. Qe2 Nc7 16. dxc5 bxc5 17. a4 Nc6 18. Nh5 c4 19. Rd1 Qe7 20. O-O Qc5 21. Nb5 Nxb5 22. axb5 Qxb5 23. b3 Qc5 24. Rfe1 Nb4 25. Nf6 c3 26. Ra1 Kc7 27. Ra4 Rb8 28. Rea1 Rb7 29. Ra5 Qd4 30. Rd1 Qb6 31. Ra4 Kb8 32. h3 h6 33. Kg2 Rc8 34. f4 Qb5 35. Qxb5 Rxb5 36. Rxb4 Rxb4 37. g5 Rxf4 38. gxh6 Rh8 39. h7 Rxf6 40. exf6 Rxh7 41. Rd3 Rh6 42. Rxc3 Rxf6 43. Kg3 d4 44. Rc5 Kb7 45. h4 Rg6+ 46. Kf4 f6 47. h5 Rg1 48. Rc4 Rg5 49. h6 Rh5 50. Kg4 Rxh6 51. Rxd4 Kc6 52. Ra4 Rh7 53. Ra5 Kb6 54. Ra1 Kc5 55. Re1 Re7 56. Kf3 Kd5 57. Kf4 Rb7 58. c4+ Kd6 59. Re3 a5 60. Ke4 Rh7 61. Kd4 e5+ 62. Kc3 f5 63. Rd3+ Ke6 64. c5 Rd7 65. Rh3 Kd5 66. Rh5 f4 67. Kd3 Kxc5+ {4:17-4:15} 0-1

[Event "3rd Eksjo it"]
[Site "Eksjo SWE"]
[Date "1975.03.26"]
[Round "3"]
[White "Enklaar, Bertus"]
[Black "Peev, Peicho"]
[Result "1-0"]
[WhiteElo "2410"]
[BlackElo "2425"]
[EventDate "1975.03.24"]
[PlyCount "81"]

1. e4 d6 2. d4 Nf6 3. Nc3 g6 4. Be3 c6 5. a4 a5 6. f3 Nbd7 7. Nh3 Bg7 8. Qd2 O-O 9. Nf2 e5 10. O-O-O Qe7 11. d5 Ne8 12. h4 f5 13. dxc6 bxc6 14. Bc4+ Kh8 15. Bg5 Bf6 16. Bh6 Bxh4 17. Nh3 f4 18. Bxf8 Nxf8 19. Kb1 Rb8 20. Na2 Be6 21. Bxe6 Nxe6 22. Qxa5 Nc5 23. b3 Qf7 24. Nc1 Bd8 25. Qc3 Be7 26. Nf2 Nf6 27. Nfd3 Nfd7 28. Rd2 Nxa4 29. Qxc6 Nab6 30. Nb2 Rc8 31. Qb5 Rc5 32. Qa6 Qe8 33. Na4 Nxa4 34. Qxa4 Qd8 35. Nd3 Ra5 36. Qc6 Ra7 37. Qc3 Qb8 38. Nxf4 Bg5 39. Nxg6+ Kg7 40. f4 Bf6 41. fxe5 {2:32-2:30} 1-0

[Event "3rd Eksjo it"]
[Site "Eksjo SWE"]
[Date "1975.03.26"]
[Round "3"]
[White "Schneider, Lars-Ake"]
[Black "Ornstein, Axel"]
[Result "1/2-1/2"]
[WhiteElo "2380"]
[BlackElo "2430"]
[EventDate "1975.03.24"]
[PlyCount "116"]

1. e4 e6 2. d4 d5 3. Nd2 c5 4. exd5 exd5 5. Ngf3 Nc6 6. Bb5 Bd6 7. dxc5 Bxc5 8. O-O Nge7 9. Nb3 Bd6 10. Bg5 O-O 11. Re1 Bg4 12. h3 Bh5 13. Bxc6 bxc6 14. Nbd4 f6 15. Ne6 Bxf3 16. Qxf3 fxg5 17. Qc3 d4 18. Qxd4 Nf5 19. Qc4 Qd7 20. Nxf8+ Kxf8 21. Rad1 h5 22. Qe6 Rd8 23. Qg6 h4 24. Rd3 Qf7 25. Qxg5 Re8 26. Red1 Qe6 27. Qd2 Bc7 28. Qb4+ Kg8 29. Qb3 Qxb3 30. axb3 Re2 31. R3d2 Re4 32. Kf1 Bb6 33. c3 Rf4 34. Ke1 Kf7 35. Re2 Kf6 36. b4 g6 37. Rd7 Kg5 38. g3 hxg3 39. fxg3 Nxg3 40. Rg2 Kh4 41. Rh7+ Nh5 42. Rxg6 c5 43. bxc5 Bxc5 44. Ke2 Re4+ 45. Kd3 Re3+ 46. Kc4 Re5 47. b4 Bb6 48. Rd6 Kxh3 49. Rd5 Rxd5 50. Kxd5 Kg4 51. Kc6 Nf6 52. Rg7+ Kf5 53. c4 Bd4 54. c5 Nd5 55. Rh7 Ke6 56. Kb5 Bc3 57. Kc4 Bxb4 58. Rxa7 Bxc5 {3:32-3:21} 1/2-1/2

[Event "3rd Eksjo it"]
[Site "Eksjo SWE"]
[Date "1975.03.26"]
[Round "3"]
[White "Vinje Gulbrandsen, Arne"]
[Black "Ek, Hans"]
[Result "1-0"]
[WhiteElo "2335"]
[BlackElo "2345"]
[EventDate "1975.03.24"]
[PlyCount "80"]

1. d4 f5 2. Nf3 Nf6 3. g3 g6 4. Bg2 Bg7 5. O-O O-O 6. c4 d6 7. Nc3 c6 8. Re1 Qc7 9. e4 fxe4 10. Nxe4 Nxe4 11. Rxe4 Bf5 12. Re1 e5 13. dxe5 dxe5 14. Ng5 Na6 15. Be3 Qa5 16. Ne4 Rad8 17. Qe2 Bxe4 18. Bxe4 Nc5 19. Qc2 Ne6 20. Rad1 Nd4 21. Qb1 Rd7 22. h4 Rdf7 23. h5 Nf5 24. hxg6 hxg6 25. b4 Qc7 26. Bc5 Rd8 27. Rxd8+ Qxd8 28. b5 b6 29. Bb4 Qg5 30. Qd3 c5 31. Bd2 Qg4 32. Bd5 Nd4 33. Kg2 Kf8 34. Bxf7 Kxf7 35. f4 exf4 36. Bxf4 g5 37. Be5 Bxe5 38. Rxe5 Kf6 39. Re1 Kg7 40. Qe3 Nf5 {time} 1-0

[Event "3rd Eksjo it"]
[Site "Eksjo SWE"]
[Date "1975.03.27"]
[Round "4"]
[White "Ek, Hans"]
[Black "Akvist, Hakan"]
[Result "0-1"]
[WhiteElo "2345"]
[BlackElo "2315"]
[EventDate "1975.03.24"]
[PlyCount "104"]

1. Nf3 e6 2. d4 c5 3. e3 Nf6 4. Bd3 Nc6 5. O-O a6 6. b3 b5 7. Bb2 Bb7 8. a3 d5 9. dxc5 Bxc5 10. Nbd2 Qb6 11. Qe2 Rd8 12. Rad1 Rd7 13. b4 Be7 14. e4 d4 15. Nb3 e5 16. c3 dxc3 17. Bxc3 Qc7 18. Qb2 Bd6 19. Nc5 Bxc5 20. bxc5 Re7 21. Bb1 Nd7 22. Rd5 O-O 23. Rfd1 Rfe8 24. Qd2 Ncb8 25. Bb4 Bc6 26. Nh4 Re6 27. Ba2 Rf6 28. Rd6 Rxd6 29. cxd6 Qd8 30. Nf5 Bxe4 31. Ne7+ Kh8 32. Ba5 Nb6 33. Qe3 Nc4 34. Bxc4 Qxa5 35. Qxe4 bxc4 36. Qxc4 Nd7 37. Qxf7 Rf8 38. Qh5 Rb8 39. Ng6+ Kg8 40. Ne7+ Kh8 41. Qf5 Qa4 42. Rf1 e4 43. h3 Rf8 44. Qh5 Nf6 45. Qc5 Qd7 46. Rd1 Rd8 47. Qc4 Qe8 48. Qxa6 Qh5 49. Rc1 Ne8 50. Rc8 Qd1+ 51. Kh2 Rxc8 52. Qxc8 Qxd6+ {3:25-3:23} 0-1

[Event "3rd Eksjo it"]
[Site "Eksjo SWE"]
[Date "1975.03.27"]
[Round "4"]
[White "Hecht, Hans-Joachim"]
[Black "Schneider, Lars-Ake"]
[Result "1/2-1/2"]
[WhiteElo "2490"]
[BlackElo "2380"]
[EventDate "1975.03.24"]
[PlyCount "56"]

1. e4 e5 2. Nf3 Nc6 3. Bb5 a6 4. Ba4 Nf6 5. O-O Be7 6. Bxc6 dxc6 7. Re1 Nd7 8. d4 exd4 9. Nxd4 O-O 10. Nd2 Ne5 11. Nf5 Bf6 12. Ne3 Ng6 13. Ndf1 Qxd1 14. Nxd1 Ne5 15. Rb1 Be6 16. b3 c5 17. Bb2 c4 18. f4 cxb3 19. axb3 Bh4 20. Nf2 Ng4 21. Nxg4 Bxg4 22. g3 Be7 23. Ne3 Bc5 24. Kg2 Bxe3 25. Rxe3 Rfd8 26. Rd3 Be2 27. Rd4 Rxd4 28. Bxd4 Rd8 {2:07-2:23} 1/2-1/2

[Event "3rd Eksjo it"]
[Site "Eksjo SWE"]
[Date "1975.03.27"]
[Round "4"]
[White "Kinnmark, Ove"]
[Black "Enklaar, Bertus"]
[Result "0-1"]
[WhiteElo "2385"]
[BlackElo "2410"]
[EventDate "1975.03.24"]
[PlyCount "88"]

1. e4 c5 2. Nf3 e6 3. d4 cxd4 4. Nxd4 Nf6 5. Nc3 d6 6. g3 Nc6 7. Bg2 Bd7 8. O-O Be7 9. h3 O-O 10. Be3 a6 11. a4 Rb8 12. g4 Ne8 13. Nxc6 bxc6 14. b3 Bf6 15. Bd4 Bxd4 16. Qxd4 e5 17. Qd3 a5 18. f4 Qb6+ 19. Kh1 Bc8 20. Qd2 exf4 21. Rxf4 Qc5 22. Raf1 Nf6 23. e5 Qxe5 24. Re1 Qg5 25. Qxd6 Bxg4 26. Rxf6 gxf6 27. Ne4 Qh4 28. Rg1 Be6 29. Qd4 Kh8 30. Qc3 Rbd8 31. Nxf6 Qd4 32. Qf3 Qe5 33. Qf2 Bf5 34. Qh4 Bg6 35. Re1 Qc3 36. Rf1 Rd6 37. Ne4 Bxe4 38. Bxe4 Qg7 39. Rg1 Rh6 40. Qg3 Qxg3 41. Rxg3 f5 42. Bg2 Rd6 43. Rc3 Rd1+ 44. Kh2 Rd2 {2:44-2:39} 0-1

[Event "3rd Eksjo it"]
[Site "Eksjo SWE"]
[Date "1975.03.27"]
[Round "4"]
[White "Peev, Peicho"]
[Black "Vinje Gulbrandsen, Arne"]
[Result "1-0"]
[WhiteElo "2425"]
[BlackElo "2335"]
[EventDate "1975.03.24"]
[PlyCount "89"]

1. d4 Nf6 2. c4 g6 3. Nc3 Bg7 4. e4 d6 5. f4 O-O 6. Nf3 c5 7. d5 e6 8. Be2 exd5 9. cxd5 Re8 10. e5 Nfd7 11. e6 fxe6 12. dxe6 Nf8 13. f5 gxf5 14. Bg5 Bf6 15. Bxf6 Qxf6 16. Qxd6 Nxe6 17. O-O Rd8 18. Qg3+ Kh8 19. Bc4 Nc6 20. Rae1 Bd7 21. Kh1 f4 22. Qf2 Ncd4 23. Ne5 Bc6 24. Nxc6 bxc6 25. Ne4 Qf5 26. Qh4 Rf8 27. Bd3 c4 28. Bxc4 f3 29. g3 Rad8 30. Re3 Rd7 31. Qh6 Qg6 32. Qxg6 hxg6 33. Bxe6 Nxe6 34. Rexf3 Rxf3 35. Rxf3 Kg7 36. Rf2 Rd4 37. Re2 Nc7 38. Nc5 Kf6 39. Kg2 Kf7 40. Rc2 a5 41. Nb3 Rb4 42. Nxa5 Ra4 43. Nxc6 Rxa2 44. Ne5+ Kf6 45. Nd7+ {1:22-2:43} 1-0

[Event "3rd Eksjo it"]
[Site "Eksjo SWE"]
[Date "1975.03.28"]
[Round "5"]
[White "Akvist, Hakan"]
[Black "Peev, Peicho"]
[Result "1-0"]
[WhiteElo "2315"]
[BlackElo "2425"]
[EventDate "1975.03.24"]
[PlyCount "145"]

1. e4 c5 2. Nf3 e6 3. Nc3 a6 4. d4 cxd4 5. Nxd4 d6 6. Be2 Nf6 7. f4 Be7 8. O-O O-O 9. Be3 Qc7 10. Qe1 b5 11. Bf3 Bb7 12. e5 Ne8 13. Qg3 Nd7 14. Rae1 Bxf3 15. Nxf3 b4 16. Ne2 dxe5 17. fxe5 Bc5 18. Bxc5 Qxc5+ 19. Ned4 Nc7 20. Kh1 Rad8 21. Re4 f5 22. Rh4 Rfe8 23. Nb3 Qb5 24. Re1 Nf8 25. h3 a5 26. Rd4 a4 27. Nc1 Nd5 28. Qf2 Rc8 29. Rd2 a3 30. bxa3 bxa3 31. Nd4 Qb6 32. Rd3 Nc3 33. Qf3 Qb2 34. Nce2 Nxe2 35. Rxe2 Qxa2 36. Rxa3 Qb2 37. Rd3 Ng6 38. Kh2 Rc5 39. Qg3 Rc4 40. Qf2 Qb8 41. Qg3 Qb6 42. Nf3 Qc5 43. Rdd2 Rc3 44. Qg5 Qc7 45. Qh5 Rc8 46. Ng5 Nf8 47. Rd6 g6 48. Qh6 Qe7 49. h4 Rxc2 50. Rxc2 Rxc2 51. Nf3 Re2 52. Rc6 Qb7 53. Qc1 Qb4 54. Rc4 Qb5 55. Rc8 Qb4 56. Qg5 Re4 57. Qf6 Re2 58. Qxe6+ Kg7 59. Qf6+ Kg8 60. e6 Qd6+ 61. Kh3 Rxe6 62. Rxf8+ Qxf8 63. Qxe6+ Kg7 64. Ng5 Qa3+ 65. g3 Qa7 66. Qe5+ Kg8 67. Qd5+ Kf8 68. h5 Qe7 69. Ne6+ Ke8 70. h6 Qf6 71. Ng7+ Ke7 72. Qb7+ Kd8 73. Qc7+ {4:13-4:05} 1-0

[Event "3rd Eksjo it"]
[Site "Eksjo SWE"]
[Date "1975.03.28"]
[Round "5"]
[White "Ornstein, Axel"]
[Black "Hecht, Hans-Joachim"]
[Result "0-1"]
[WhiteElo "2430"]
[BlackElo "2490"]
[EventDate "1975.03.24"]
[PlyCount "60"]

1. d4 Nf6 2. c4 e6 3. Nc3 Bb4 4. e3 b6 5. Nge2 Ba6 6. Ng3 Bxc3+ 7. bxc3 d5 8. Ba3 dxc4 9. Be2 Qd7 10. Bf3 Nd5 11. Qc2 Nc6 12. O-O O-O-O 13. Rfc1 g5 14. Ne4 g4 15. Be2 f5 16. Nd2 Na5 17. Bb4 Qc6 18. Qd1 f4 19. e4 Nxb4 20. cxb4 Rxd4 21. Qc2 Qd6 22. Qb2 Rd8 23. Nf1 f3 24. gxf3 gxf3 25. Bxf3 Nc6 26. Rcb1 Ne5 27. Bg2 Bb7 28. Qe2 Nd3 29. Qe3 Nf4 30. e5 Nxg2 {2:22-1:59} 0-1

[Event "3rd Eksjo it"]
[Site "Eksjo SWE"]
[Date "1975.03.28"]
[Round "5"]
[White "Schneider, Lars-Ake"]
[Black "Ek, Hans"]
[Result "1-0"]
[WhiteElo "2380"]
[BlackElo "2345"]
[EventDate "1975.03.24"]
[PlyCount "51"]

1. e4 e6 2. d4 d5 3. Nd2 Be7 4. Ngf3 dxe4 5. Nxe4 Nf6 6. Nxf6+ Bxf6 7. Bd3 Nd7 8. Qe2 c6 9. Bf4 Qa5+ 10. c3 b6 11. Nd2 b5 12. O-O Be7 13. a4 b4 14. Nc4 Qd8 15. Nd6+ Bxd6 16. Bxd6 bxc3 17. bxc3 Nf6 18. Ba3 Nd5 19. Qe5 Qf6 20. Qd6 Bd7 21. Rfb1 Nxc3 22. Rb7 Rd8 23. Rc1 Nd5 24. Rxc6 Qe7 25. Qxe7+ Nxe7 26. Rcc7 1-0

[Event "3rd Eksjo it"]
[Site "Eksjo SWE"]
[Date "1975.03.28"]
[Round "5"]
[White "Vinje Gulbrandsen, Arne"]
[Black "Kinnmark, Ove"]
[Result "0-1"]
[WhiteElo "2335"]
[BlackElo "2385"]
[EventDate "1975.03.24"]
[PlyCount "54"]

1. d4 Nf6 2. c4 e6 3. Nc3 Bb4 4. e3 O-O 5. Bd3 c5 6. Nf3 d5 7. O-O Nc6 8. a3 Ba5 9. Ne2 dxc4 10. Bxc4 cxd4 11. exd4 h6 12. Bf4 Bc7 13. Bxc7 Qxc7 14. Rc1 Qd6 15. Qd3 b6 16. Rfd1 Bb7 17. Ba6 Bxa6 18. Qxa6 Nd5 19. Rc2 Rfd8 20. Rdc1 Nde7 21. h3 e5 22. dxe5 Nxe5 23. Ned4 N7g6 24. Rc7 Nf4 25. Qf1 Nfd3 26. R1c3 Nxf3+ 27. Nxf3 Nc5 {2:19-1:59} 0-1

[Event "3rd Eksjo it"]
[Site "Eksjo SWE"]
[Date "1975.03.29"]
[Round "6"]
[White "Ek, Hans"]
[Black "Ornstein, Axel"]
[Result "1/2-1/2"]
[WhiteElo "2345"]
[BlackElo "2430"]
[EventDate "1975.03.24"]
[PlyCount "69"]

1. d4 Nf6 2. c4 g6 3. Nc3 d5 4. Bg5 Ne4 5. Bh4 c5 6. cxd5 Nxc3 7. bxc3 Qxd5 8. e3 cxd4 9. Qxd4 Qxd4 10. cxd4 e6 11. Bb5+ Bd7 12. Rb1 Nc6 13. Nf3 Be7 14. Bg3 Na5 15. Bxd7+ Kxd7 16. Ne5+ Ke8 17. Rc1 f6 18. Nc4 Kd7 19. Nxa5 Bb4+ 20. Ke2 Bxa5 21. Rb1 b6 22. Rhc1 Rhc8 23. h3 Rxc1 24. Rxc1 Rc8 25. Rxc8 Kxc8 26. Bd6 Kd7 27. Bf8 Kc6 28. Kd3 f5 29. f3 Be1 30. e4 Bg3 31. Kc4 fxe4 32. fxe4 b5+ 33. Kd3 a6 34. Bb4 Bc7 35. Bf8 {1:40-2:24} 1/2-1/2

[Event "3rd Eksjo it"]
[Site "Eksjo SWE"]
[Date "1975.03.29"]
[Round "6"]
[White "Enklaar, Bertus"]
[Black "Vinje Gulbrandsen, Arne"]
[Result "1-0"]
[WhiteElo "2410"]
[BlackElo "2335"]
[EventDate "1975.03.24"]
[PlyCount "63"]

1. e4 d6 2. d4 Nf6 3. Nc3 g6 4. Be3 c6 5. a4 Bg7 6. Qd2 Ng4 7. Bg5 f6 8. Bh4 d5 9. Nf3 O-O 10. Bd3 Na6 11. exd5 cxd5 12. Nd1 Nc7 13. h3 Nh6 14. Ne3 f5 15. Qb4 f4 16. Ng4 Nxg4 17. hxg4 Bxg4 18. Ne5 Bxe5 19. dxe5 Rf7 20. Qxb7 f3 21. gxf3 Bxf3 22. Rh3 Rb8 23. Qxa7 Rxb2 24. Qe3 d4 25. Qc1 Rb8 26. Bg3 Qd5 27. Rh4 Ne6 28. Qh6 Bh5 29. Kf1 Rbf8 30. Kg1 Rxf2 31. Be4 Qc4 32. Bxf2 {2:06-2:29} 1-0

[Event "3rd Eksjo it"]
[Site "Eksjo SWE"]
[Date "1975.03.29"]
[Round "6"]
[White "Kinnmark, Ove"]
[Black "Akvist, Hakan"]
[Result "1-0"]
[WhiteElo "2385"]
[BlackElo "2315"]
[EventDate "1975.03.24"]
[PlyCount "57"]

1. e4 e5 2. Nf3 Nc6 3. Bb5 a6 4. Ba4 Nf6 5. O-O Nxe4 6. d4 b5 7. Bb3 d5 8. dxe5 Be6 9. c3 Be7 10. Nbd2 Nc5 11. Nd4 Nxe5 12. f4 Bg4 13. Qe1 Ned3 14. Qg3 Qd7 15. Bc2 Nxc1 16. Raxc1 g6 17. b4 Na4 18. f5 Bh5 19. Qh3 O-O-O 20. Bxa4 Bg5 21. Rc2 bxa4 22. g4 Rde8 23. gxh5 gxh5 24. N2f3 Be3+ 25. Kh1 Rhg8 26. Rg2 Rxg2 27. Kxg2 Rg8+ 28. Kh1 Kb7 29. Ne5 {1:31-2:27} 1-0

[Event "3rd Eksjo it"]
[Site "Eksjo SWE"]
[Date "1975.03.29"]
[Round "6"]
[White "Peev, Peicho"]
[Black "Schneider, Lars-Ake"]
[Result "0-1"]
[WhiteElo "2425"]
[BlackElo "2380"]
[EventDate "1975.03.24"]
[PlyCount "142"]

1. d4 Nf6 2. c4 e6 3. Nf3 b6 4. g3 Bb7 5. Bg2 Bb4+ 6. Nbd2 O-O 7. a3 Be7 8. b4 d5 9. c5 a5 10. Bb2 axb4 11. axb4 Rxa1 12. Qxa1 bxc5 13. bxc5 Nc6 14. O-O Qa8 15. Bc3 Qxa1 16. Rxa1 Ra8 17. Rxa8+ Bxa8 18. Nb3 Bb7 19. Na5 Nxa5 20. Bxa5 c6 21. Ne5 Kf8 22. f4 Ke8 23. Kf2 Nd7 24. Nd3 Ba6 25. Nb4 Bb5 26. e4 Nf6 27. e5 Ng4+ 28. Kg1 Ne3 29. Na2 f6 30. Bh3 fxe5 31. fxe5 Nc2 32. Bc3 Bg5 33. Bxe6 Bc4 34. Bf5 Be3+ 35. Kg2 Nxd4 36. Bxd4 Bxd4 37. Nb4 Bb5 38. Bd3 Ba4 39. Bxh7 Bxc5 40. Nd3 Bd4 41. Kf3 Bd1+ 42. Kf4 c5 43. Bg6+ Ke7 44. h4 Bc3 45. Ke3 c4 46. Nf4 d4+ 47. Ke4 Bb2 48. Kd5 c3 49. Bd3 Bb3+ 50. Ke4 c2 51. Ne2 Ba4 52. Kd5 Bb3+ 53. Kc5 c1=Q+ 54. Nxc1 Bxc1 55. Kxd4 Bb2+ 56. Ke4 Ke6 57. Kf4 Bxe5+ 58. Kg5 Kf7 59. Bg6+ Ke7 60. Bf5 Bxg3 61. h5 Be1 62. Kg6 Kf8 63. h6 Bf7+ 64. Kh7 g5 65. Bg4 Ke7 66. Kg7 Bc3+ 67. Kh7 Be5 68. Bf3 Kd6 69. Bg4 Bf6 70. Bf3 Ke5 71. Be2 Kf4 {2:59-4:09} 0-1

[Event "3rd Eksjo it"]
[Site "Eksjo SWE"]
[Date "1975.03.30"]
[Round "7"]
[White "Akvist, Hakan"]
[Black "Enklaar, Bertus"]
[Result "0-1"]
[WhiteElo "2315"]
[BlackElo "2410"]
[EventDate "1975.03.24"]
[PlyCount "82"]

1. e4 c5 2. Nf3 e6 3. Nc3 Nc6 4. g3 d5 5. Bg2 Nf6 6. exd5 exd5 7. O-O d4 8. Qe1+ Be7 9. Ne4 O-O 10. Nxf6+ Bxf6 11. d3 Re8 12. Qd1 Be6 13. Bf4 h6 14. a3 Bd5 15. h3 Qd7 16. Nh2 Re6 17. Qh5 Bxg2 18. Kxg2 Be5 19. Bd2 c4 20. Rae1 c3 21. Bc1 cxb2 22. Bxb2 Qd5+ 23. Nf3 Rae8 24. Bc1 g6 25. Qxh6 Bd6 26. Re4 Rxe4 27. dxe4 Rxe4 28. Kg1 Bf8 29. Qd2 Re6 30. Qd3 Rf6 31. Ng5 Ne5 32. Qe2 Rc6 33. Re1 Nd7 34. Bf4 Rc8 35. Qg4 Rxc2 36. Qh4 Nf6 37. Be5 Nh5 38. Bxd4 Rc4 39. Re4 f5 40. Bb2 fxe4 41. g4 e3 {2:30-2:34} 0-1

[Event "3rd Eksjo it"]
[Site "Eksjo SWE"]
[Date "1975.03.30"]
[Round "7"]
[White "Hecht, Hans-Joachim"]
[Black "Ek, Hans"]
[Result "1-0"]
[WhiteElo "2490"]
[BlackElo "2345"]
[EventDate "1975.03.24"]
[PlyCount "67"]

1. e4 e5 2. f4 d5 3. exd5 e4 4. d3 Nf6 5. Qe2 Qxd5 6. Nc3 Bb4 7. Bd2 Bxc3 8. Bxc3 Bg4 9. Qe3 Nbd7 10. h3 Be6 11. O-O-O Qxa2 12. dxe4 O-O-O 13. Bd3 Nc5 14. b3 Rxd3 15. Rxd3 Nfxe4 16. Rd4 Bxb3 17. Bb2 Re8 18. Nf3 Nd6 19. Qc3 b6 20. Rxd6 cxd6 21. cxb3 Qxb3 22. Qxb3 Nxb3+ 23. Kc2 Nc5 24. Nd4 Re4 25. f5 Kd7 26. Rd1 a6 27. Rd2 Kc7 28. Ne2 g6 29. Nc3 Rh4 30. f6 Kc6 31. Re2 Ne6 32. Bc1 b5 33. Rxe6 fxe6 34. f7 {2:24-2:30} 1-0